000
00258nam a2200109Ia 4500
008
220204s9999 xx 000 0 und d
082
_a
326(73)
_b
HUG
100
_a
Huggins, N I
245
0
_a
Black odyssey
260
_a
London
_b
George Allen
_c
1977
942
_c
BK
999
_c
33271
_d
33271